[Event "Andalucia-ch U16"]
[Site "Islantilla"]
[Date "2012.04.13"]
[Round "1"]
[White "Mercado Larrea, Adrian"]
[Black "Lenker Andrade, Elisa"]
[Result "1-0"]
[WhiteElo "1846"]
[BlackElo "1345"]
[PlyCount "66"]
[EventDate "2012.04.13"]
[EventType "swiss"]
[EventRounds "9"]
[EventCountry "ESP"]
[SourceTitle "CBM 148 Extra"]
[Source "ChessBase"]
[SourceDate "2012.06.22"]
[SourceVersion "1"]
[SourceVersionDate "2012.06.22"]
[SourceQuality "1"]

1. e4 c5 2. Nc3 Nc6 3. g3 g6 4. Bg2 Bg7 5. d3 Nf6 6. f4 0-0 7. Nf3 d6 8. h3 e5 9. 0-0 Nh5 10. Ne2 Nd4 11. Nfxd4 cxd4 12. g4 Nf6 13. f5 h5 14. g5 Ne8 15. f6 Bh8 16. c3 dxc3 17. Nxc3 Nc7 18. Be3 Be6 19. d4 Qd7 20. Kh2 exd4 21. Qxd4 Rfd8 22. Rfd1 Nb5 23. Nxb5 Qxb5 24. Bf1 Qa5 25. Bd2 Qc7 26. Rac1 Qb8 27. Bf4 b6 28. Ba6 b5 29. Rc6 Bc8 30. Rxd6 Bxa6 31. Rxd8+ Qxd8 32. Qxd8+ Rxd8 33. Rxd8+ Kh7 1-0

[Event "Andalucia-ch U14 1011"]
[Site "Almeria"]
[Date "2011.03.26"]
[Round "7.6"]
[White "Vico Moreno, Antonio"]
[Black "Lenker Andrade, Elisa"]
[Result "1-0"]
[WhiteElo "1729"]
[BlackElo "1495"]
[PlyCount "54"]
[EventDate "2011.03.25"]
[EventType "swiss"]
[EventRounds "9"]
[EventCountry "ESP"]
[SourceTitle "EXT 2024"]
[Source "ChessBase"]
[SourceDate "2023.10.10"]
[SourceVersion "1"]
[SourceVersionDate "2023.10.10"]
[SourceQuality "1"]

1. e4 c5 2. Nf3 Nc6 3. d4 cxd4 4. Nxd4 g6 5. Nc3 Bg7 6. Be3 Nf6 7. Bc4 Qa5 8. Bb3 Nxe4 9. Qd3 Nxc3 10. bxc3 0-0 11. 0-0 a6 12. Rab1 Ne5 13. Qd2 Ng4 14. Bf4 e5 15. Qe2 Nh6 16. Bxh6 Bxh6 17. Nf3 d6 18. Qd3 Rd8 19. Qc4 Be6 20. Qh4 Bg7 21. Bxe6 fxe6 22. Rxb7 Re8 23. Qc4 Rac8 24. Qd3 d5 25. Ng5 Rxc3 26. Qd2 Bh6 27. h4 e4 1-0

[Event "Andalucia-ch U14 1011"]
[Site "Almeria"]
[Date "2011.03.25"]
[Round "4.8"]
[White "Lenker Andrade, Elisa"]
[Black "Perez Rubio, Ramon"]
[Result "1-0"]
[WhiteElo "1495"]
[BlackElo "1580"]
[PlyCount "79"]
[EventDate "2011.03.25"]
[EventType "swiss"]
[EventRounds "9"]
[EventCountry "ESP"]
[SourceTitle "EXT 2024"]
[Source "ChessBase"]
[SourceDate "2023.10.10"]
[SourceVersion "1"]
[SourceVersionDate "2023.10.10"]
[SourceQuality "1"]

1. d4 c6 2. Nf3 d5 3. Bg5 Bf5 4. e3 Nd7 5. Bd3 Bg6 6. 0-0 Ngf6 7. Nbd2 Bxd3 8. cxd3 h6 9. Bh4 e6 10. Ne5 Be7 11. f4 Nxe5 12. dxe5 Nd7 13. Bxe7 Qxe7 14. Qb3 Nb6 15. d4 0-0 16. Rf3 Rac8 17. Rc1 Rfe8 18. Rg3 Rc7 19. Qd1 g6 20. Qh5 Kg7 21. Nf3 Rh8 22. Nh4 Qe8 23. Qg4 Nc4 24. Rc2 b5 25. f5 exf5 26. Nxf5+ Kf8 27. Nd6 Qd7 28. Qf4 g5 29. Qf6 Rh7 30. Nxc4 bxc4 31. Rf2 Kg8 32. Rh3 Qe7 33. Rxh6 Qxf6 34. Rhxf6 Kg7 35. R2f5 Rh6 36. Rxg5+ Rg6 37. Rgxg6+ fxg6 38. g4 Rb7 39. Rf2 c3 40. bxc3 1-0